• 首页
  • 本馆介绍
  • 公告通知
  • 最新文献
  • 馆藏检索
  • 电子资源
  • 读者导购
  • 参考咨询
  • 我的图书馆
  • 登录
  • 详细信息显示
  • 放入我的书架
  • 预约/预借图书
  • 作者相关作品
  • 分类相关作品
  • 丛书相关作品
  • 出版社相关作品

书目信息

  • 表格格式
  • 工作单格式
  • 卡片格式
题名:
红十字运动改革与发展
    
 
作者: 李蒙 撰文 ;徐肖冰 摄影 ;江苏省红十字会 编
分册:  
出版信息: 南京   东南大学出版社  2016.11
页数: 182页
开本: 25cm
丛书名:
单 册:
中图分类: D231 , C913.7-53
科图分类:
主题词: 社会生活 , 社会问题
电子资源:
ISBN: 7-5641-6023-3
000 01237nam0 2200313 450
001 0120161820982
005 20171225101939.06
010    @a7-5641-6023-3@dCNY35.00
100    @a20160503d2016 em y0chiy50 ea
101 0  @achi
102    @aCN@b320000
105    @aa z 000yy
106    @ar
200 1  @a红十字运动改革与发展@Ahong shi zi yun dong gai ge yu fa zhan@9feng huo bian cheng@f江苏省红十字会编@Fjiang su sheng hong shi zi hui bian@g徐肖冰摄影
210    @a南京@c东南大学出版社@d2016.11
215    @a182页@c图,照片@d25cm
330    @a本书通过一百余幅珍贵照片以及鲜活生动的记述文字,展现了1937至1949年战争年代中国共产党立足以延安为代表的根据地进行艰苦卓越斗争的宏阔历史。主要内容包括:抗战前夜、开赴前线、论持久战、黄河大合唱等。
333    @a一般读者
517 1  @a中共抗战与毛泽东崛起@9zhong gong kang zhan yu mao ze dong jue qi
601 02 @a中国共产党@x党史@z1937-1949
606 0  @a社会生活
606 0  @a社会问题
690    @aD231@v5
690    @aC913.7-53@v4
701  0 @a李蒙@9li meng@f(1971-)@4撰文
702  0 @a徐肖冰@9xu xiao bing@f(1916-2009)@4摄影
711 02 @a江苏省红十字会@Ajiang su sheng hong shi zi hui@4编
801  0 @aCN@b人天书店@c20160503
905    @b1075770-75@dC913.7-53@e1284@f6
    
    红十字运动改革与发展/江苏省红十字会编/徐肖冰摄影.-南京:东南大学出版社,2016.11
    182页:图,照片;25cm
    使用对象:一般读者
    
    ISBN 7-5641-6023-3:CNY35.00
    本书通过一百余幅珍贵照片以及鲜活生动的记述文字,展现了1937至1949年战争年代中国共产党立足以延安为代表的根据地进行艰苦卓越斗争的宏阔历史。主要内容包括:抗战前夜、开赴前线、论持久战、黄河大合唱等。
●
相关链接 在E读中查询图书 在五车中查询图书 在当当中查询图书 在豆瓣中查询图书


正题名:红十字运动改革与发展     索取号:C913.7-53/1284         预约/预借

序号 登录号 条形码 馆藏地/架位号 状态 备注
1 1075770   210757705   第一样本阅览室/ [索取号:C913.7-53/1284] 在馆    
2 1075771   210757714   史法系资料室/ [索取号:C913.7-53/1284] 在馆    
3 1075772   210757723   第一借阅区/ [索取号:C913.7-53/1284] 在馆    
4 1075773   210757732   第一借阅区/ [索取号:C913.7-53/1284] 在馆    
5 1075774   210757741   第一借阅区/ [索取号:C913.7-53/1284] 在馆    
6 1075775   210757750   第一借阅区/ [索取号:C913.7-53/1284] 在馆    
唐山师范学院图书馆 欢迎您!
大连网信软件有限公司© 版权所有